1406 1605 1406 1606 1246 1468 1143 1522 1531 1126 1487 1494 1878 1252 1670 1019 1256 1649 1978 1009 1451 1064 1987 1774 1876 1327 1675 1150 1806 1084 1939 1552 1727 1858 1455 1928 1345 1501 1579 1849 1174 1817 1997 1402 1368 1277 1590 1501 1030 1021 1226 1391 1941 1903 1165 1974 1927 1189 1756 1725 1078 1431 1831 1986 1291 1346 1956 1088 1629 1416 1742 1135 1179 1591 1918 1059 1317 1665 1423 1008 1657 1231 1093 1510 1310 1517 1315 1719 1978 1429 1625 1891 1980 1089 1205 1115 1453 1476 1666 BCNSPRNW ULIB Ver.6.0+V

เปลี่ยนเป็นภาษาไทย

Change to English
 แสดงรายละเอียดบรรณานุกรม
  กลับหน้าหลัก

Brief Record : Get Marc (ISO 2709) : E-mail record : QR code < ปิดหน้าต่าง
LEADER : 00000nam 2200000uu 4500
001    13399111340
003     ULIB
008    110622s2552||||th 000 0 tha d
020    9789749922958
060 04 WY87^bช576ค
245 00 คู่มือทักษะการสื่อสารสำหรับพยาบาลและนักเรียนพยาบาล /^cบรรณาธิการ ชิษณุ พันธุ์เจริญ, จรุงจิตร์ งามไพบูลย์
246 34 คู่มือทักษะการสื่อสารสำหรับพยาบาลและนักเรียนพยาบาล :^bฉบับพกพา
260    กรุงเทพฯ :^bศูนย์ฝึกอบรมทักษะการสื่อสาร ฝ่ายกุมารเวชศาสตร์โรงพยาบาลจุฬาลงกรณ์,^c2552
300    208 หน้า :^bภาพประกอบ ;^c19 ซม.
650  7 การสื่อสารทางการพยาบาล^vคู่มือ
700 0  ชิษณุ พันธุ์เจริญ,^eบรรณาธิการ
700 0  จรุงจิตร์ งามไพบูลย์,^eบรรณาธิการ
710 2  โรงพยาบาลจุฬาลงกรณ์. ^bฝ่ายกุมารเวชศาสตร์.^bศูนย์ฝึกอบรมทักษะการสื่อสาร
945    ^p90^l0^i18011
945    ^p90^l0^i18010
945    ^p90^l0^i18009
945    ^p90^l0^i23069
945    ^p90^l0^i23070
945    ^p90^l0^i23071
999    ^aใช้งานได้ทุกระบบ
รายการนี้ยังไม่มีแท็ก
คุณยังไม่ได้ล็อกอิน คุณสามารถมีกิจกรรมร่วมกับเว็บไซต์ได้ แต่ต้องล็อกอินก่อน ::
  ล็อกอิน

รายการสื่อสารสนเทศ

ลำดับที่ ประเภท เลขเรียก/บาร์โค้ด สถานที่ สถานะ
- ไม่พบข้อมูล -

BibComment


ยังไม่เคยถูกคอมเมนท์

คอมเมนท์ทรัพยากรรายการนี้
  คอมเมนท์: คู่มือทักษะการสื่..


 Copyright 2026. Bcnsprnw @Library